| 000 | 00733nam a2200241 i 4500 | ||
|---|---|---|---|
| 001 | 27401 | ||
| 003 | ES-MaACL | ||
| 005 | 20230906153618.0 | ||
| 007 | t| | ||
| 008 | 030114s1982 sp ||||1| spa d | ||
| 020 | _a84-376-0370-6 | ||
| 100 | 1 |
_aAttali, Jacques. _923768 |
|
| 245 | 1 | 4 |
_aLos tres mundos _b: para una teoría de la postcrisis / _cJacques Attali ; [traducción de Pilar Calvo]. |
| 260 |
_aMadrid : _bCátedra, _c1982. |
||
| 300 |
_a297 p. ; _c21 cm. |
||
| 490 | 1 | _aColección Teorema. Serie mayor | |
| 500 | _aIndice. | ||
| 504 | _aBibliografía. | ||
| 700 | 1 |
_aCalvo, Pilar. _933860 |
|
| 830 | 0 |
_aColección Teorema. Serie mayor _9181110 |
|
| 852 |
_aES-MaACL _jL-10835 _bR.108353 |
||
| 999 |
_c27401 _d27401 |
||